000 01948nam0a2200409 4500
001 RU\NLR\BIBL_A\011253788
005 20250626033743.0
010 _a978-5-4386-1041-0
_9100
021 _aRU
_b2016-76954
_95007
035 _a(NILC)RuMoRGB-008644968
035 _a(NLR Aleph) 011253788
090 _a12181638
_c12181638
100 _a20161026d2016 |||y0rusy50 ca
101 0 _aeng
102 _aRU
105 _aa z 000zy
200 1 _aThief in law
_ea guide to Russian prison tattoos and Russian speaking organised crime gangs
_fby M. G. Bullen
210 _aСанкт-Петербург
_cСвое изд-во
_d2016
215 _a304 с.
_cил.
_d20
300 _aВ вып. дан. загл.: Вор в законе: русские тюремные татуировки и организованные преступные группировки / Марк Буллен
320 _aБиблиогр.: с. 304
517 1 _aВор в законе: русские тюремные татуировки и организованные преступные группировки
541 1 _aВор в законе :
_eрусские тюремные татуировки и организованные преступные группировки
_zrus
606 1 _aКриминальная субкультура
_yРоссийская Федерация
_92426832
_3RU\NLR\AUTH\661444793
606 1 _aОрганизованная преступность
_yРоссийская Федерация
_92083295
_3RU\NLR\AUTH\661259345
610 0 _aтюремные татуировки
610 0 _aпреступные группировки
610 0 _aворы в законе
675 _a343
686 1 _aХ628.331
686 1 _aХ628.31
700 1 _aBullen
_bM. G.
_gMark G.
801 0 _aRU
_bРГБ
_c20161011
_gRCR
942 _cBOOK
980 _aNB